عرض عادي عرض مارك
  • Central Nervous System

مدخل مصطلح موضوعي

عدد التسجيلات المستخدمة في: 1

001 - رقم الضبط

  • حقل الضبط: 39097

003 - معرف رقم الضبط

  • حقل الضبط: OSt

005 - تاريخ ووقت أخر عملية

  • حقل الضبط: 20131102193423.0

008 - عناصر بيانات ثابتة الطول

  • حقل تحكم ثابت الطول: 131102|||a|||||| | ||| d

040 ## - مصدر الفهرسة

  • هيئة الفهرسة الأصلية: OSt
  • وكالة الكتابة: OSt

150 ## - مدخل-- مصطلح تاريخي

  • عنصر مدخل المصطلح الموضوعي او الاسم الجغرافي: Central Nervous System
  • تفريع عام: anatomy & histology
  • تفريع شكلي: Atlases.

670 ## - بيانات المصدر موجوده

  • الاستشهاد بالمصدر: Work cat.: (OSt)0: Martin, John H. (John Harry), 1951- 39094, Neuroanatomy :, c2003.